• 首页
  • 本馆介绍
  • 公告通知
  • 最新文献
  • 馆藏检索
  • 电子资源
  • 读者导购
  • 参考咨询
  • 我的图书馆
  • 登录
  • 详细信息显示
  • 放入我的书架
  • 预约/预借图书
  • 作者相关作品
  • 分类相关作品
  • 丛书相关作品
  • 出版社相关作品

书目信息

  • 表格格式
  • 工作单格式
  • 卡片格式
题名:
后汉书译注
    
 
作者: 范晔 著 ;启五 译注
分册:  
出版信息: 北京   北京联合出版公司  2015.9
页数: 338页
开本: 21cm
丛书名:
单 册:
中图分类: K234.204.2
科图分类:
主题词: 东汉时代--dong han shi dai--古代史--纪传体 , 古代史--gu dai shi , 纪传体--ji chuan ti
电子资源:
ISBN: 978-7-5502-3919-7
000 00966nam0 22002891 450
001 1752577891
005 20170602161300.0
010    @a978-7-5502-3919-7@dCNY52.00
100    @a20150928d2015 em y0chiy50 ea
101 0  @achi
102    @aCN@b110000
105    @ay z 000yy
106    @ar
200 1  @a后汉书译注@Ahou han shu yi zhu@f(南朝宋)范晔著@g启五译注
210    @a北京@c北京联合出版公司@d2015.9
215    @a338页@d21cm
330    @a本书主要内容包括:光武帝本纪、郑玄传、桓荣传、王充传、杨震传、马融传、蔡邕传、陈寔传、卢植传、陈蕃传、李膺传、杜密传、郭太传、许劭传等。
333    @a历史爱好者
605    @a《后汉书》@Ahou han shu@x译文
606 0  @a东汉时代@Adong han shi dai@x古代史@x纪传体
606 0  @a古代史@Agu dai shi
606 0  @a纪传体@Aji chuan ti
690    @aK234.204.2@v5
701  0 @c(南朝宋)@a范晔@Afan ye@4著
702  0 @a启五@Aqi wu@4译注
801  0 @aCN@bTANG WEI@c20170601
905    @b0971788-92@dK234.204.2@e69@f5
    
    后汉书译注/(南朝宋)范晔著/启五译注.-北京:北京联合出版公司,2015.9
    338页;21cm
    使用对象:历史爱好者
    
    ISBN 978-7-5502-3919-7:CNY52.00
    本书主要内容包括:光武帝本纪、郑玄传、桓荣传、王充传、杨震传、马融传、蔡邕传、陈寔传、卢植传、陈蕃传、李膺传、杜密传、郭太传、许劭传等。
●
相关链接 在E读中查询图书 在五车中查询图书 在当当中查询图书 在豆瓣中查询图书


正题名:后汉书译注     索取号:K234.204.2/69         预约/预借

序号 登录号 条形码 馆藏地/架位号 状态 备注
1 0971788   209717886   第二样本阅览室/ [索取号:K234.204.2/69] 在馆    
2 0971789   209717895   密集书库-史法系/ [索取号:K234.204.2/69] 在馆    
3 0971790   209717902   第二借阅区/ [索取号:K234.204.2/69] 在馆    
4 0971791   209717911   第二借阅区/ [索取号:K234.204.2/69] 在馆    
5 0971792   209717920   第二借阅区/ [索取号:K234.204.2/69] 在馆    
唐山师范学院图书馆 欢迎您!
大连网信软件有限公司© 版权所有